000
00208 a2200097 4500
001
48120
100
_a
Donald San
245
_a
Studies in Muslim ethics
260
_a
London
_b
SPCIK
_c
090
_c
31092
_d
31092
942
_a
NUST-CAE
_c
M
_c
23439
999
_c
283193
_d
283193